Visualizzazione normale
Vista MARC
- "t. 1° n. 1-5. 468 p. (Source Chrétiennes 96). t. 2° n. 6-22 393 p. “ 104. t. 3° n. 23-34 392 p. “ 113. "
di Personal Name
Records bibliografici associati: 1
001 - CONTROL NUMBER
- control field: 34129
003 - CONTROL NUMBER IDENTIFIER
- control field: IT-RoPau
005 - DATE AND TIME OF LATEST TRANSACTION
- control field: 20150424100555.0
008 - FIXED-LENGTH DATA ELEMENTS
- fixed length control field: 150424|| aca||aabn | a|a d
040 ## - CATALOGING SOURCE
- Original cataloging agency: IT-RoPau
- Transcribing agency: IT-RoPau
100 ## - HEADING--PERSONAL NAME
- Personal name: "t. 1° n. 1-5. 468 p. (Source Chrétiennes 96). t. 2° n. 6-22 393 p. “ 104. t. 3° n. 23-34 392 p. “ 113. "
670 ## - SOURCE DATA FOUND
- Source citation: Work cat.: (IT-RoPau)105: Simeone il Nuovo Teologo 34128, Catéchèses. (Testo greco-francese)